Pyrénées / (Record no. 156383)

MARC details
000 -LEADER
campo de control de longitud fija 00806nam a22002055i 4500
001 - NÚMERO DE CONTROL
campo de control 156383
003 - IDENTIFICADOR DE NÚMERO DE CONTROL
campo de control ES-MaACL
005 - FECHA Y HORA DE LA ÚLTIMA TRANSACCIÓN
campo de control 20230906210410.0
008 - DATOS DE LONGITUD FIJA--INFORMACIÓN GENERAL
campo de control de longitud fija 040728s1885 fr ab |||| | fre d
040 ## - FUENTE DE CATALOGACIÓN
Centro catalogador/agencia de origen CAM
Lengua de catalogación spa
Centro/agencia transcriptor CAM
100 1# - ENTRADA PRINCIPAL--NOMBRE DE PERSONA
Nombre de persona Joanne, Paul.
9 (RLIN) 128324
245 10 - MENCIÓN DEL TÍTULO
Título Pyrénées /
Mención de responsabilidad, etc. par P. Joanne.
260 ## - PUBLICACIÓN, DISTRIBUCIÓN, ETC.
Lugar de publicación, distribución, etc. Paris :
Nombre del editor, distribuidor, etc. Librairie Hachette et C.,
Fecha de publicación, distribución, etc. 1885 (
Fabricante Imprimerie A. Lahure)
300 ## - DESCRIPCIÓN FÍSICA
Extensión XXVII, 381, [2] p., [4] h. map. pleg. ;
Dimensiones 14 cm.
490 1# - MENCIÓN DE SERIE
Mención de serie Collection des Guides-Joanne. Guides diamant
651 #4 - PUNTO DE ACCESO ADICIONAL DE MATERIA--NOMBRE GEOGRÁFICO
Nombre geográfico Pirineos-
Subdivisión de forma Guías.
9 (RLIN) 137312
830 0# - PUNTO DE ACCESO ADICIONAL DE SERIE-TÍTULO UNIFORME
Título uniforme Collection des Guides-Joanne. Guides diamant
9 (RLIN) 193656
852 ## - LOCALIZACIÓN
Ubicación ES-MaACL
Número de control de estantería C-299
Nota libre -- Enc. ed. en tela con hierros dorados
-- -- Ex-libris ms. de Gustavo Sáenz Díez
-- -- Enc. al principio 48 p. de publicidad
Holdings
Estatus retirado Estado de pérdida Estado de daño No para préstamo Colección Biblioteca de origen Biblioteca actual Ubicación en estantería Fecha de adquisición Fuente de adquisición Total de préstamos Signatura topográfica completa Código de barras Visto por última vez Precio de reemplazo Tipo de ítem Koha
        Libros del s. XIX Biblioteca del Ateneo de Madrid Biblioteca del Ateneo de Madrid Sala Palomar 17/01/2008     C-299 1163611 23/02/2023 23/02/2023 Libro impreso antiguo